Foreign-Born Population: Spain Quiz Stats

 Plays Quiz Updated Feb 9, 2017

Challenge
Share
Tweet
Embed
Score 0/20 Timer 05:00
0 Plays Today
Foreign-Born Population Country % Correct
199,350France
96.5%
98,975Portugal
94.7%
296,220United Kingdom
93.5%
81,200Italy
89.2%
195,250Germany
88.4%
281,115Argentina
80.5%
716,685Morocco
77.6%
101,640Brazil
76.2%
90,255China
75.6%
379,400Colombia
66.2%
Foreign-Born Population Country % Correct
184,840Peru
66.2%
143,670Venezuela
62%
91,715Uruguay
56.4%
412,380Ecuador
53%
187,885Bolivia
52.7%
110,120Cuba
51.4%
690,505Romania
36.5%
74,095Ukraine
34.9%
122,130Bulgaria
26.3%
119,490Dominican Republic
26.2%

You're not logged in!

Compare scores with friends on all Sporcle quizzes.
OR
Log In

You Might Also Like...

Show Comments

Extras

Top Quizzes Today


Score Distribution

Your Account Isn't Verified!

In order to create a playlist on Sporcle, you need to verify the email address you used during registration. Go to your Sporcle Settings to finish the process.

Report this User

Report this user for behavior that violates our Community Guidelines.

Details: